Central Library OPAC University of Rajshahi

কুদরত রঙ্গিবিরঙ্গী / (Record no. 39693)

MARC details
000 -LEADER
fixed length control field 01234nam a2200265 a 4500
001 - CONTROL NUMBER
control field 39693
003 - CONTROL NUMBER IDENTIFIER
rucl marc code BD-RjUL
005 - DATE AND TIME OF LATEST TRANSACTION
control field 20230830123639.0
008 - FIXED-LENGTH DATA ELEMENTS--GENERAL INFORMATION
fixed length control field 160416r20221995ii a|||| |||| 001 0 ben d
020 ## - INTERNATIONAL STANDARD BOOK NUMBER
International Standard Book Number 8172153422
Terms of availability : Tk. 900.00
International Standard Book Number 9788172153427
035 ## - SYSTEM CONTROL NUMBER
System control number (BD-RjUL) 39806
040 ## - CATALOGING SOURCE
Original cataloging agency BD-RjUL
Language of cataloging ben
Transcribing agency BD-RjUL
041 ## - LANGUAGE CODE
Language code of text/sound track or separate title ben
082 ## - DEWEY DECIMAL CLASSIFICATION NUMBER
Edition number 23
Classification number 780.920954
Author mark and year MUK 2022
100 ## - MAIN ENTRY--PERSONAL NAME
Personal name মুখোপাধ্যায়, কুমারপ্রসাদ
9 (RLIN) 120008
245 10 - TITLE STATEMENT
Title কুদরত রঙ্গিবিরঙ্গী /
Statement of responsibility, etc. কুমারপ্রসাদ মুখোপাধ্যায় ; বিমল দাস, প্রচ্ছদ ও অলংকারক
260 ## - PUBLICATION, DISTRIBUTION, ETC. (IMPRINT)
Place of publication, distribution, etc. কলকাতা :
Name of publisher, distributor, etc. আনন্দ,
Date of publication, distribution, etc. ১৯৯৫,২০১২ [মুদ্রণ ২০২২]
300 ## - PHYSICAL DESCRIPTION
Pagination ২৯০ পৃ. :
Illustrations চিত্র ;
Size ২৪ সেমি.
500 ## - GENERAL NOTE
General note নির্ঘণ্ট ও পরিশিষ্ট সংযুক্ত
650 ## - SUBJECT ADDED ENTRY--TOPICAL TERM
Topical term or geographic name as entry element সুরকাররা
General subdivision জীবনী
9 (RLIN) 122263
Geographic subdivision ভারত
Topical term or geographic name as entry element Musicians
General subdivision Biography
9 (RLIN) 122264
Geographic subdivision India
700 ## - ADDED ENTRY--PERSONAL NAME
Personal name দাস, বিমল, প্রচ্ছদ ও অলংকারক
942 ## - ADDED ENTRY ELEMENTS (KOHA)
Source of classification or shelving scheme Dewey Decimal Classification
Koha item type Books
Holdings
Lost status Source of classification or shelving scheme Damaged status Not for loan Collection code Permanent Location Current Location Shelving location Date acquired Source of acquisition Cost, normal purchase price Total Checkouts Full call number Date last seen Copy number Koha item type
  Dewey Decimal Classification   Not For Loan Non-fiction Central Library, University of Rajshahi Central Library, University of Rajshahi Reading Room 23/06/2015 Bathighar, Chittagong 900.00   B 780.920954 MUK 2012 16/04/2016 C-1 Books
  Dewey Decimal Classification     Non-fiction Central Library, University of Rajshahi Central Library, University of Rajshahi   23/06/2015 Bathighar, Chittagong 900.00   B 780.920954 MUK 2012 16/04/2016 C-2 Books
  Dewey Decimal Classification     Non-fiction Central Library, University of Rajshahi Central Library, University of Rajshahi   23/06/2015 Bathighar, Chittagong 900.00   B 780.920954 MUK 2012 16/04/2016 C-3 Books
  Dewey Decimal Classification     Non-fiction Central Library, University of Rajshahi Central Library, University of Rajshahi General Stacks 08/06/2023 Dhaka: Omni Concept 630.00   B 780.920954 MUK 2022 30/08/2023 C-4 Books
  Dewey Decimal Classification     Non-fiction Central Library, University of Rajshahi Central Library, University of Rajshahi General Stacks 08/06/2023 Dhaka: Omni Concept 630.00   B 780.920954 MUK 2022 30/08/2023 C-5 Books
  Dewey Decimal Classification     Non-fiction Central Library, University of Rajshahi Central Library, University of Rajshahi General Stacks 08/06/2023 Dhaka: Omni Concept 630.00   B 780.920954 MUK 2022 30/08/2023 C-6 Books
  Dewey Decimal Classification     Non-fiction Central Library, University of Rajshahi Central Library, University of Rajshahi General Stacks 08/06/2023 Dhaka: Omni Concept 630.00   B 780.920954 MUK 2022 30/08/2023 C-7 Books
  Dewey Decimal Classification     Non-fiction Central Library, University of Rajshahi Central Library, University of Rajshahi General Stacks 08/06/2023 Dhaka: Omni Concept 630.00   B 780.920954 MUK 2022 30/08/2023 C-8 Books